| 000 | 00883nam a2200217 a 4500 | ||
|---|---|---|---|
| 001 | 000025469 | ||
| 005 | 20200930023818.0 | ||
| 008 | 110214s1999 ck r 000 0 spa d | ||
| 020 | _a9586831043 | ||
| 040 |
_aDO-SdBNP _bspa _cBNPHU |
||
| 082 |
_ann* _bnn* |
||
| 100 | 1 |
_aLozano V., Fabio Alberto. _952090 |
|
| 245 | 1 | 0 |
_aDe víctimas de la violenciaa buscadores de la vida : _bformación, acompañamiento y asesoría a desplazados Tierralta, Córdoba / _cFabio Alberto Lozano V. y Flor Edilma Osorio P. |
| 260 |
_aSanta Fe de Bogotá : _bInstituto de Estudios Rurales. Facultad de Estudios Ambientales y Rurales. Pontificia Universidad Javeriana, _c1999. |
||
| 300 |
_a150 p. ; _c24 cm. |
||
| 490 | 1 | _aAcción Cultural Popular | |
| 504 | _aBibliografía : [149]-150 p. | ||
| 700 | 1 |
_aOsorio P., Flor Edilma. _952091 |
|
| 830 | 0 |
_aAcción Cultural Popular _952092 |
|
| 049 | _aBNGR | ||
| 999 |
_c24961 _d24961 |
||